[Event "1.a HSL 19"]
[Site "Mali Losinj"]
[Date "2019.09.29"]
[Round "2.45"]
[White "Mrkonjic, Nenad"]
[Black "Filipovic, Marko"]
[Result "0-1"]
[WhiteElo "2343"]
[BlackElo "2349"]
[PlyCount "96"]
[EventDate "2019.??.??"]
[WhiteTeam "Šk Ferit-Osijek Osijek"]
[BlackTeam "Šk Đakovo Lim-Mont Đakovo"]

1. Nf3 Nf6 2. c4 c5 3. Nc3 Nc6 4. g3 g6 5. b3 Bg7 6. Bb2 O-O 7. Bg2 e5 8. O-O
d6 9. d3 h6 10. Nd2 Be6 11. Re1 Qd7 12. Nf1 d5 13. cxd5 Nxd5 14. Qc1 b6 15.
Nxd5 Bxd5 16. Bxd5 Qxd5 17. Qc4 Qd7 18. Rac1 Kh7 19. Bc3 Nd4 20. Bxd4 exd4 21.
Nd2 f5 22. b4 Rac8 23. Nb3 cxb4 24. Qxb4 f4 25. Rxc8 Rxc8 26. Rc1 Re8 27. Qd2
fxg3 28. hxg3 Qg4 29. Rc2 Be5 30. Qe1 h5 31. Kg2 h4 32. Qh1 Bxg3 33. Qh3 Qxh3+
34. Kxh3 Bxf2 35. Nd2 Rxe2 36. Rc7+ Kh6 37. Ne4 Bg3 38. Rxa7 Re3 39. Kg4 Be5
40. Re7 Bg7 41. Re6 h3 42. Rxb6 h2 43. Rb1 Be5 44. Rd1 Kg7 45. a4 Rxd3 46. Rb1
Re3 47. Nf2 Rg3+ 48. Kh4 Rg1 0-1

[Event "1.a HSL 19"]
[Site "Mali Losinj"]
[Date "2019.09.29"]
[Round "2.46"]
[White "Drmic, Tomislav"]
[Black "Feletar, Darko"]
[Result "1-0"]
[WhiteElo "2224"]
[BlackElo "2356"]
[PlyCount "53"]
[EventDate "2019.??.??"]
[WhiteTeam "Šk Đakovo Lim-Mont Đakovo"]
[BlackTeam "Šk Ferit-Osijek Osijek"]

1. d4 Nf6 2. Nc3 d5 3. Bf4 c6 4. Nf3 Bf5 5. e3 e6 6. Ne5 h6 7. Bd3 Bxd3 8. Qxd3
Qa5 9. O-O Be7 10. e4 O-O 11. Bd2 Qd8 12. f4 dxe4 13. Nxe4 Nbd7 14. Nxf6+ Nxf6
15. b4 Qd6 16. Rae1 Rad8 17. c3 b6 18. f5 exf5 19. Rxf5 Nd5 20. Ref1 Nf6 21.
Qf3 Rc8 22. Qh3 Kh7 23. g4 Qe6 24. g5 Ne8 25. gxh6 Bf6 26. hxg7+ Kxg7 27. Qg3+
1-0

[Event "1.a HSL 19"]
[Site "Mali Losinj"]
[Date "2019.09.29"]
[Round "2.51"]
[White "Fedorchuk, Sergey A."]
[Black "Georgiev, Kiril"]
[Result "1/2-1/2"]
[WhiteElo "2621"]
[BlackElo "2581"]
[PlyCount "33"]
[EventDate "2019.??.??"]
[WhiteTeam "Hašk Mladost Zagreb"]
[BlackTeam "Šk Vukovar '91 Vukovar"]

1. e4 e5 2. Nf3 Nc6 3. Bb5 Nf6 4. O-O Nxe4 5. Re1 Nd6 6. Nxe5 Be7 7. Bf1 Nxe5
8. Rxe5 O-O 9. d4 Bf6 10. Re1 Re8 11. Bf4 Rxe1 12. Qxe1 Ne8 13. c3 d5 14. Bd3
g6 15. Nd2 Ng7 16. Nf3 Bf5 17. Bf1 1/2-1/2

[Event "1.a HSL 19"]
[Site "Mali Losinj"]
[Date "2019.09.29"]
[Round "2.53"]
[White "Plat, Vojtech"]
[Black "Muse, Drazen"]
[Result "1-0"]
[WhiteElo "2576"]
[BlackElo "2357"]
[PlyCount "100"]
[EventDate "2019.??.??"]
[WhiteTeam "Hašk Mladost Zagreb"]
[BlackTeam "Šk Vukovar '91 Vukovar"]

1. d4 Nf6 2. c4 g6 3. g3 Bg7 4. Bg2 O-O 5. Nc3 c6 6. e4 d6 7. Nge2 e5 8. O-O a6
9. a4 a5 10. b3 Na6 11. h3 exd4 12. Nxd4 Nc5 13. Be3 Re8 14. Qc2 Qe7 15. Rfe1
Bd7 16. Bd2 h5 17. Bg5 Qf8 18. Rad1 Nh7 19. Be3 Nf6 20. f4 Rad8 21. Bf2 Bc8 22.
Nf3 Nfd7 23. Bd4 Bxd4+ 24. Rxd4 Na6 25. f5 Nb4 26. Qd1 Ne5 27. Rf1 Qe7 28. Ne2
Kh7 29. Nf4 Nxf3+ 30. Qxf3 Qf6 31. Rd2 Re5 32. g4 h4 33. fxg6+ fxg6 34. Qe3 Qg5
35. Qb6 Rd7 36. Rdf2 Rg7 37. Qd4 Qe7 38. Rd1 Na6 39. Nd3 Re6 40. Rdf1 Nc5 41.
Nxc5 dxc5 42. Qd2 b6 43. Rf8 Rd6 44. Qf2 Rd8 45. Rf6 g5 46. Rxc6 Qe5 47. Rxb6
Rd3 48. Qf8 Qd4+ 49. Kh2 Qe5+ 50. Kh1 Be6 1-0

[Event "1.a HSL 19"]
[Site "Mali Losinj"]
[Date "2019.09.29"]
[Round "2.55"]
[White "Rogulj, Branko"]
[Black "Sindik, Ervin"]
[Result "1/2-1/2"]
[WhiteElo "2400"]
[BlackElo "2282"]
[PlyCount "23"]
[EventDate "2019.??.??"]
[WhiteTeam "Hašk Mladost Zagreb"]
[BlackTeam "Šk Vukovar '91 Vukovar"]

1. e4 c5 2. Nc3 d6 3. g3 g6 4. Bg2 Bg7 5. d3 Nc6 6. Nge2 e6 7. O-O Nge7 8. Be3
Nd4 9. Qd2 O-O 10. Nd1 Rb8 11. Nxd4 cxd4 12. Bh6 1/2-1/2

[Event "1.a HSL 19"]
[Site "Mali Losinj"]
[Date "2019.09.29"]
[Round "2.56"]
[White "Raguz, Darko"]
[Black "Brumen, Dinko"]
[Result "0-1"]
[WhiteElo "2087"]
[BlackElo "2317"]
[PlyCount "86"]
[EventDate "2019.??.??"]
[WhiteTeam "Šk Vukovar '91 Vukovar"]
[BlackTeam "Hašk Mladost Zagreb"]

1. e4 c5 2. Nf3 e6 3. c3 d5 4. exd5 Qxd5 5. Na3 Nf6 6. d4 Nc6 7. Nb5 Qd8 8.
dxc5 Bxc5 9. Qxd8+ Kxd8 10. Bf4 Ne4 11. Rd1+ Ke7 12. Be3 Bxe3 13. fxe3 a6 14.
Nbd4 Bd7 15. Bd3 Nc5 16. Bc2 b5 17. O-O f6 18. Rd2 e5 19. Nf5+ Bxf5 20. Bxf5 g6
21. Bc2 Rhd8 22. Rfd1 Rxd2 23. Rxd2 Rd8 24. Kf2 e4 25. Rxd8 Kxd8 26. Nd2 f5 27.
b4 Nd7 28. Nb3 Nce5 29. Ke2 Kc7 30. Nd4 Nb6 31. Bb3 Kd6 32. h3 h6 33. h4 h5 34.
Kf2 Nd5 35. Bxd5 Kxd5 36. Kg3 Nd3 37. Ne2 Kc4 38. Nf4 Nxf4 39. Kxf4 Kxc3 40.
Kg5 Kd3 41. Kxg6 Kxe3 42. Kxf5 Kd3 43. g4 e3 0-1

[Event "1.a HSL 19"]
[Site "Mali Losinj"]
[Date "2019.09.30"]
[Round "3.11"]
[White "Georgiev, Kiril"]
[Black "Inarkiev, Ernesto"]
[Result "1/2-1/2"]
[WhiteElo "2581"]
[BlackElo "2693"]
[PlyCount "43"]
[EventDate "2019.??.??"]
[WhiteTeam "Šk Vukovar '91 Vukovar"]
[BlackTeam "Šk Petar Sedlar Pepe Kaštel Novi"]

1. d4 d5 2. Nf3 Nf6 3. c4 dxc4 4. e3 e6 5. Bxc4 c5 6. O-O a6 7. dxc5 Bxc5 8.
Qxd8+ Kxd8 9. Ne5 Ke7 10. Be2 Nbd7 11. Nd3 Bd6 12. Nd2 b5 13. Bf3 Rb8 14. a4
Bb7 15. axb5 axb5 16. Ra7 Ba8 17. b3 e5 18. Bb2 Ke6 19. Ra6 Ke7 20. Ra7 Ke6 21.
Ra6 Ke7 22. Ra7 1/2-1/2

[Event "1.a HSL 19"]
[Site "Mali Losinj"]
[Date "2019.09.30"]
[Round "3.12"]
[White "Dreev, Aleksey"]
[Black "Shchekachev, Andrei"]
[Result "1/2-1/2"]
[WhiteElo "2661"]
[BlackElo "2526"]
[PlyCount "112"]
[EventDate "2019.??.??"]
[WhiteTeam "Šk Petar Sedlar Pepe Kaštel Novi"]
[BlackTeam "Šk Vukovar '91 Vukovar"]

1. d4 g6 2. e4 d6 3. c3 Nf6 4. Bd3 Bg7 5. Nf3 O-O 6. O-O Nc6 7. Re1 e5 8. Bg5
h6 9. Bh4 Bg4 10. dxe5 Bxf3 11. Qxf3 Nxe5 12. Qd1 Nxd3 13. Qxd3 Re8 14. Nd2 Qd7
15. Nc4 Qg4 16. Bxf6 Bxf6 17. a4 Rab8 18. Rad1 Bg7 19. Qd5 Re7 20. f3 Qh4 21.
Qd2 a6 22. Ne3 Ree8 23. Nd5 c6 24. Ne3 Rbd8 25. g3 Qe7 26. Kg2 b5 27. axb5 axb5
28. Nc2 h5 29. Nb4 Qb7 30. Qf2 Bf8 31. Nd3 Bg7 32. Re2 Ra8 33. h3 Qc7 34. g4
hxg4 35. hxg4 Rad8 36. Rh1 Qe7 37. Nb4 Rc8 38. Qg3 d5 39. e5 d4 40. f4 dxc3 41.
bxc3 Qe6 42. Qf3 Qc4 43. Nd3 Qxc3 44. f5 Rcd8 45. Rh3 Rxd3 46. Qxd3 Qxd3 47.
Rxd3 gxf5 48. gxf5 Rxe5 49. Rd8+ Kh7 50. Rxe5 Bxe5 51. Rc8 b4 52. Rxc6 b3 53.
Rb6 b2 54. Kf3 Bd4 55. Rb7 Kg7 56. Ke4 Bf6 1/2-1/2

[Event "1.a HSL 19"]
[Site "Mali Losinj"]
[Date "2019.09.30"]
[Round "3.13"]
[White "Muse, Drazen"]
[Black "Lalic, Bogdan"]
[Result "1/2-1/2"]
[WhiteElo "2357"]
[BlackElo "2418"]
[PlyCount "37"]
[EventDate "2019.??.??"]
[WhiteTeam "Šk Vukovar '91 Vukovar"]
[BlackTeam "Šk Petar Sedlar Pepe Kaštel Novi"]

1. d4 Nf6 2. c4 e6 3. Nf3 d5 4. Nc3 c6 5. Bg5 Nbd7 6. cxd5 exd5 7. e3 Be7 8.
Qc2 Nh5 9. Bxe7 Qxe7 10. O-O-O Nb6 11. h3 g6 12. g4 Ng7 13. Ne5 Be6 14. Kb1
O-O-O 15. Rc1 Kb8 16. Na4 Nxa4 17. Qxa4 f6 18. Nd3 h5 19. Be2 1/2-1/2

[Event "1.a HSL 19"]
[Site "Mali Losinj"]
[Date "2019.09.30"]
[Round "3.15"]
[White "Sindik, Ervin"]
[Black "Sale, Srdjan"]
[Result "0-1"]
[WhiteElo "2282"]
[BlackElo "2428"]
[PlyCount "76"]
[EventDate "2019.??.??"]
[WhiteTeam "Šk Vukovar '91 Vukovar"]
[BlackTeam "Šk Petar Sedlar Pepe Kaštel Novi"]

1. e4 c5 2. Nf3 e6 3. d4 cxd4 4. Nxd4 Bc5 5. Be3 Qb6 6. c3 Nc6 7. Nd2 Nxd4 8.
Nc4 Qc6 9. Bxd4 Qxe4+ 10. Be2 Be7 11. O-O Nf6 12. Bf3 Qf4 13. Qa4 O-O 14. Rfe1
Qb8 15. Qb5 d5 16. Be5 Bd7 17. Qxd7 Nxd7 18. Bxb8 dxc4 19. Bg3 Nc5 20. Rad1
Rad8 21. Bc7 Rc8 22. Bg3 Rfd8 23. Rd4 b5 24. Red1 Nd3 25. b3 Rxd4 26. cxd4 Nb4
27. Bb7 Rd8 28. bxc4 bxc4 29. a3 Nc2 30. d5 exd5 31. Bxd5 Nxa3 32. Bc7 Rc8 33.
Bf4 c3 34. Bc1 Nb5 35. Re1 Kf8 36. Be4 Ba3 37. Kf1 Bxc1 38. Rxc1 Nd4 0-1

[Event "1.a HSL 19"]
[Site "Mali Losinj"]
[Date "2019.09.30"]
[Round "3.16"]
[White "Medak, Bojan"]
[Black "Raguz, Darko"]
[Result "1-0"]
[WhiteElo "2351"]
[BlackElo "2087"]
[PlyCount "123"]
[EventDate "2019.??.??"]
[WhiteTeam "Šk Petar Sedlar Pepe Kaštel Novi"]
[BlackTeam "Šk Vukovar '91 Vukovar"]

1. c4 e5 2. Nc3 Nf6 3. Nf3 Nc6 4. e3 Bb4 5. Qc2 O-O 6. a3 Bxc3 7. Qxc3 Re8 8.
d3 d5 9. cxd5 Nxd5 10. Qc2 a5 11. b3 Be6 12. Be2 f6 13. O-O Qe7 14. Rd1 Rac8
15. Bb2 Bf7 16. Rac1 Na7 17. Nd2 c5 18. Ne4 b6 19. Ng3 Be6 20. h3 Nb5 21. Ne4
Nd6 22. Bf3 Nf5 23. Re1 Qd7 24. Bg4 Red8 25. Rcd1 Nd6 26. Bf3 Qb5 27. Nd2 Ne7
28. Nc4 Nxc4 29. bxc4 Qa6 30. Bc3 Rd6 31. Be4 Ng6 32. Ba1 Rcd8 33. Kh2 Qc8 34.
Bc3 Qc7 35. g3 Qd7 36. h4 f5 37. Bg2 Rxd3 38. Rxd3 Qxd3 39. Qb2 Qxc4 40. h5 Nf8
41. Bxe5 Qa2 42. Qxb6 Rd2 43. Rf1 Nd7 44. Qd8+ Kf7 45. Bc3 Rxf2 46. Rxf2 Qxf2
47. Qh8 Bd5 48. Qxg7+ Ke8 49. Qh8+ Ke7 50. Qxh7+ Kd6 51. Qh6+ Kc7 52. Qf4+ Qxf4
53. gxf4 Bxg2 54. Bxa5+ Kc6 55. Kxg2 Nf6 56. h6 Kb5 57. Bd8 Nh7 58. Be7 c4 59.
Bb4 Ka4 60. Kg3 Kb3 61. Kh4 c3 62. Bxc3 1-0

[Event "1.a HSL 19"]
[Site "Mali Losinj"]
[Date "2019.09.30"]
[Round "3.21"]
[White "Indjic, Aleksandar"]
[Black "Fedorchuk, Sergey A."]
[Result "0-1"]
[WhiteElo "2628"]
[BlackElo "2621"]
[PlyCount "114"]
[EventDate "2019.??.??"]
[WhiteTeam "Šk Đakovo Lim-Mont Đakovo"]
[BlackTeam "Hašk Mladost Zagreb"]

1. d4 Nf6 2. c4 e6 3. Nf3 b6 4. g3 Bb4+ 5. Bd2 a5 6. Bg2 Bb7 7. O-O O-O 8. Qc2
Bxd2 9. Nbxd2 d6 10. e4 Nfd7 11. Rad1 Nc6 12. b3 a4 13. Qc3 axb3 14. axb3 Qf6
15. b4 Ra2 16. e5 dxe5 17. Ne4 Qe7 18. d5 Nxb4 19. dxe6 fxe6 20. Nxe5 Nxe5 21.
Qxe5 Ra5 22. Qc3 Na6 23. Rfe1 Nc5 24. Nxc5 Qxc5 25. Re2 Bxg2 26. Kxg2 Qc6+ 27.
Kg1 Rc5 28. Rd4 e5 29. Rde4 b5 30. h4 h6 31. Rxe5 Rxc4 32. Qb3 Kh8 33. Kh2 Rc1
34. Qd5 Rb8 35. Qxc6 Rxc6 36. Rb2 b4 37. Re4 b3 38. Re3 Rcb6 39. Rc3 R8b7 40.
g4 Kg8 41. Kg3 Kf7 42. f4 Rb4 43. h5 Ke6 44. Kf3 Kd5 45. Rd2+ Rd4 46. Rb2 Rbb4
47. Rxc7 Rxf4+ 48. Kg3 Rxg4+ 49. Kf3 Rbf4+ 50. Ke3 Rc4 51. Rd2+ Ke6 52. Rb7
Rc3+ 53. Kf2 Rc2 54. Rxc2 bxc2 55. Rc7 Rh4 56. Kg3 Rxh5 57. Rxc2 Re5 0-1

[Event "1.a HSL 19"]
[Site "Mali Losinj"]
[Date "2019.09.30"]
[Round "3.22"]
[White "Livaic, Leon"]
[Black "Sertic, Rudolf"]
[Result "1-0"]
[WhiteElo "2493"]
[BlackElo "2371"]
[PlyCount "127"]
[EventDate "2019.??.??"]
[WhiteTeam "Hašk Mladost Zagreb"]
[BlackTeam "Šk Đakovo Lim-Mont Đakovo"]

1. d4 Nf6 2. c4 e6 3. Nf3 d5 4. Nc3 Be7 5. Bf4 O-O 6. e3 c5 7. dxc5 Bxc5 8.
cxd5 Nxd5 9. Nxd5 exd5 10. Bd3 Bb4+ 11. Nd2 Nc6 12. O-O Qf6 13. a3 Bxd2 14.
Qxd2 Bf5 15. Bb5 a6 16. Ba4 Rfd8 17. f3 h6 18. Rac1 Rac8 19. Rc5 Ne7 20. Bc7 b6
21. Rcc1 Rf8 22. Rfd1 b5 23. Bb3 Rfe8 24. Rc3 Be6 25. Qd4 Qxd4 26. exd4 Nf5 27.
Kf2 Re7 28. Ba5 Rxc3 29. Bxc3 Rc7 30. Bb4 h5 31. Bc5 Rb7 32. Re1 g6 33. g4 hxg4
34. fxg4 Ng7 35. Kg3 Rd7 36. Bc2 g5 37. b4 f6 38. a4 Kf7 39. Ra1 f5 40. axb5
axb5 41. Ra8 Kf6 42. h3 fxg4 43. hxg4 Rb7 44. Rh8 Rc7 45. Bd3 Rc8 46. Rxc8 Bxc8
47. Bxb5 Ne6 48. Bc6 Nxc5 49. dxc5 d4 50. b5 d3 51. b6 d2 52. Ba4 Bb7 53. Kf2
Ke5 54. Ke2 Kd5 55. c6 d1=Q+ 56. Kxd1 Bxc6 57. Bxc6+ Kxc6 58. Kd2 Kxb6 59. Ke3
Kc6 60. Ke4 Kd6 61. Kf5 Ke7 62. Kxg5 Kf7 63. Kh6 Kg8 64. g5 1-0

[Event "1.a HSL 19"]
[Site "Mali Losinj"]
[Date "2019.09.30"]
[Round "3.23"]
[White "Biti, Ozren"]
[Black "Plat, Vojtech"]
[Result "1/2-1/2"]
[WhiteElo "2366"]
[BlackElo "2576"]
[PlyCount "29"]
[EventDate "2019.??.??"]
[WhiteTeam "Šk Đakovo Lim-Mont Đakovo"]
[BlackTeam "Hašk Mladost Zagreb"]

1. e4 c5 2. Nc3 Nc6 3. Bb5 Nd4 4. Bc4 g6 5. Nf3 Bg7 6. Nxd4 cxd4 7. Qf3 Nf6 8.
Nd5 Nxd5 9. Bxd5 O-O 10. O-O e6 11. Bb3 b6 12. d3 Bb7 13. Qg3 f5 14. Bg5 Qe8
15. f3 1/2-1/2

[Event "1.a HSL 19"]
[Site "Mali Losinj"]
[Date "2019.09.30"]
[Round "3.24"]
[White "Blazeka, Matej"]
[Black "Ascic, Pero"]
[Result "1/2-1/2"]
[WhiteElo "2385"]
[BlackElo "2318"]
[PlyCount "50"]
[EventDate "2019.??.??"]
[WhiteTeam "Hašk Mladost Zagreb"]
[BlackTeam "Šk Đakovo Lim-Mont Đakovo"]

1. d4 d5 2. c4 c6 3. cxd5 cxd5 4. Nc3 e6 5. Bf4 Nc6 6. e3 Bd6 7. Bxd6 Qxd6 8.
Bd3 Nf6 9. f4 Bd7 10. Nf3 Qe7 11. O-O g6 12. a3 O-O 13. Nd2 Ne8 14. Nb3 Nd6 15.
Rc1 Rac8 16. Qe1 f5 17. Nb5 Nxb5 18. Bxb5 Nb8 19. Bxd7 Qxd7 20. Nc5 Qe7 21. Qb4
b6 22. Nd3 Qxb4 23. Nxb4 Kf7 24. Nd3 Nd7 25. Nb4 Nb8 1/2-1/2

[Event "1.a HSL 19"]
[Site "Mali Losinj"]
[Date "2019.09.30"]
[Round "3.25"]
[White "Filipovic, Marko"]
[Black "Rogulj, Branko"]
[Result "1/2-1/2"]
[WhiteElo "2349"]
[BlackElo "2400"]
[PlyCount "92"]
[EventDate "2019.??.??"]
[WhiteTeam "Šk Đakovo Lim-Mont Đakovo"]
[BlackTeam "Hašk Mladost Zagreb"]

1. d4 Nf6 2. Nf3 c5 3. g3 cxd4 4. Nxd4 g6 5. Bg2 Bg7 6. O-O O-O 7. c4 d6 8. Nc3
Qc7 9. b3 Nc6 10. Bb2 Bd7 11. e4 Nxd4 12. Qxd4 Bc6 13. Nd5 Bxd5 14. exd5 Ne8
15. Qd2 Bxb2 16. Qxb2 Nf6 17. Rfe1 a6 18. Rac1 a5 19. Re3 Rfe8 20. Rce1 a4 21.
Qe2 axb3 22. axb3 Qb6 23. Qf3 Kf8 24. g4 h6 25. h4 Qd4 26. g5 hxg5 27. hxg5 Nh5
28. Re4 Qb2 29. R4e2 Qd4 30. Re4 Qb2 31. Bh3 Ra1 32. Bg4 Ng7 33. Be6 f5 34.
gxf6 Rxe1+ 35. Rxe1 Qxf6 36. Qh3 Nh5 37. Re3 Kg7 38. Rf3 Qg5+ 39. Qg4 Qc1+ 40.
Kg2 Nf6 41. Qd4 Ra8 42. Qe3 Ra1 43. Qxc1 Rxc1 44. Re3 Kf8 45. Rh3 Kg7 46. Re3
Kf8 1/2-1/2

[Event "1.a HSL 19"]
[Site "Mali Losinj"]
[Date "2019.09.30"]
[Round "3.26"]
[White "Vujakovic, Branko"]
[Black "Drmic, Tomislav"]
[Result "1/2-1/2"]
[WhiteElo "2325"]
[BlackElo "2224"]
[PlyCount "88"]
[EventDate "2019.??.??"]
[WhiteTeam "Hašk Mladost Zagreb"]
[BlackTeam "Šk Đakovo Lim-Mont Đakovo"]

1. e4 e6 2. d4 d5 3. Nc3 Bb4 4. exd5 exd5 5. Qf3 Qe7+ 6. Nge2 Nc6 7. Qd3 Be6 8.
a3 Bd6 9. Nb5 Nf6 10. f3 O-O-O 11. Nxd6+ cxd6 12. Bd2 Kb8 13. O-O-O Qd7 14. Ng3
Rc8 15. Kb1 Ne7 16. Bg5 Ne8 17. Bxe7 Qxe7 18. Qe3 Nf6 19. Bd3 Nd7 20. f4 f5 21.
Bxf5 Rhe8 22. Rde1 Nf8 23. Bxe6 Qxe6 24. Qxe6 Nxe6 25. Ne2 Rf8 26. g3 g5 27.
fxg5 Nxg5 28. Nf4 Nf3 29. Rd1 Rf5 30. Rd3 Ng5 31. Re1 h5 32. Ng6 Rf2 33. c3
Rxh2 34. Ne7 Rf8 35. Nxd5 a6 36. c4 Rff2 37. Rb3 Nf3 38. Re8+ Ka7 39. Rb4 Nd2+
40. Ka2 Nxc4 41. Rxc4 Rxb2+ 42. Ka1 Ra2+ 43. Kb1 Rab2+ 44. Ka1 Ra2+ 1/2-1/2

[Event "1.a HSL 19"]
[Site "Mali Losinj"]
[Date "2019.09.30"]
[Round "3.31"]
[White "Grachev, Boris"]
[Black "Lysyj, Igor"]
[Result "1/2-1/2"]
[WhiteElo "2621"]
[BlackElo "2596"]
[PlyCount "71"]
[EventDate "2019.??.??"]
[WhiteTeam "Šk Rijeka Rijeka"]
[BlackTeam "Šk Ferit-Osijek Osijek"]

1. c4 e6 2. Nc3 c5 3. Nf3 Nf6 4. g3 b6 5. Bg2 Bb7 6. O-O Be7 7. b3 O-O 8. Bb2
d5 9. e3 Qc8 10. Qe2 Rd8 11. Rfc1 dxc4 12. bxc4 Ne4 13. d3 Nxc3 14. Bxc3 Nd7
15. a4 Bf6 16. a5 Qc7 17. Bxf6 Nxf6 18. Ra3 h6 19. Rca1 Nd7 20. Qf1 Rab8 21.
axb6 axb6 22. Ne1 b5 23. cxb5 Bxg2 24. Qxg2 Rxb5 25. Ra7 Qd6 26. R1a6 Rb6 27.
Rxb6 Nxb6 28. Qf3 Rd7 29. Rxd7 Qxd7 30. Qf4 Qc6 31. Nf3 Nd7 32. Ne5 Nxe5 33.
Qxe5 Qb5 34. Qe4 Qb3 35. Qa8+ Kh7 36. Qa6 1/2-1/2

[Event "1.a HSL 19"]
[Site "Mali Losinj"]
[Date "2019.09.30"]
[Round "3.32"]
[White "Hracek, Zbynek"]
[Black "Bosiocic, Marin"]
[Result "0-1"]
[WhiteElo "2572"]
[BlackElo "2619"]
[PlyCount "96"]
[EventDate "2019.??.??"]
[WhiteTeam "Šk Ferit-Osijek Osijek"]
[BlackTeam "Šk Rijeka Rijeka"]

1. e4 c5 2. Nf3 d6 3. d4 cxd4 4. Nxd4 Nf6 5. Nc3 a6 6. Be2 e5 7. Nb3 Be7 8. Be3
O-O 9. g4 Be6 10. g5 Nfd7 11. Qd2 a5 12. a4 Nc6 13. Nd5 Nb4 14. Nxe7+ Qxe7 15.
Nxa5 Nxc2+ 16. Qxc2 Rxa5 17. O-O Raa8 18. Rfd1 Nc5 19. Ra3 Rfc8 20. Rc3 Nb3 21.
Qd3 Rxc3 22. bxc3 Nc5 23. Qxd6 Qxd6 24. Rxd6 Nxe4 25. Rb6 Nxc3 26. Bb5 Bd5 27.
h4 Nxb5 28. axb5 h5 29. Rd6 Ra1+ 30. Kh2 Rh1+ 31. Kg3 Be6 32. f3 Kh7 33. Bf2
Rb1 34. b6 Rb3 35. Kg2 Kg6 36. Rd2 Bc4 37. Bc5 Bb5 38. Kf2 Bc6 39. Be3 f6 40.
Ke2 Rb4 41. Rd6 Rxh4 42. gxf6 gxf6 43. f4 exf4 44. Bd4 f3+ 45. Ke3 Re4+ 46. Kd3
Rf4 47. Rxc6 bxc6 48. b7 f2 0-1

[Event "1.a HSL 19"]
[Site "Mali Losinj"]
[Date "2019.09.30"]
[Round "3.33"]
[White "Popov, Ivan"]
[Black "Leventic, Ivan"]
[Result "1-0"]
[WhiteElo "2604"]
[BlackElo "2389"]
[PlyCount "103"]
[EventDate "2019.??.??"]
[WhiteTeam "Šk Rijeka Rijeka"]
[BlackTeam "Šk Ferit-Osijek Osijek"]

1. e4 e5 2. Nf3 Nf6 3. Nxe5 d6 4. Nf3 Nxe4 5. Nc3 Nxc3 6. dxc3 Be7 7. Be3 Nc6
8. Bd3 Be6 9. Qe2 Ne5 10. Nxe5 dxe5 11. O-O-O c6 12. Kb1 Qd5 13. c4 Qa5 14. Bd2
Qc7 15. Bc3 Bf6 16. Qe3 a6 17. Rde1 O-O-O 18. Bxe5 Bxe5 19. Qxe5 Qxe5 20. Rxe5
h6 21. b3 Rd4 22. g3 Bh3 23. Rhe1 Rhd8 24. a4 f6 25. Re7 R8d7 26. Re8+ Rd8 27.
a5 Kc7 28. Kb2 Rxe8 29. Rxe8 Rd8 30. Re3 Kd6 31. b4 Rd7 32. Kc3 Re7 33. Rxe7
Kxe7 34. b5 Bc8 35. bxa6 bxa6 36. Kd4 Kd6 37. c5+ Ke7 38. f4 Kf7 39. Bc4+ Ke7
40. Ke4 Kf8 41. Kf3 Ke7 42. Bd3 Kf7 43. f5 Kf8 44. Kf4 Kf7 45. g4 Ke7 46. Kg3
h5 47. gxh5 Kf7 48. Bc4+ Kf8 49. Kg4 Ke7 50. c3 Kf8 51. Be6 Bb7 52. h4 1-0

[Event "1.a HSL 19"]
[Site "Mali Losinj"]
[Date "2019.09.30"]
[Round "3.34"]
[White "Zivkovic, Vjekoslav"]
[Black "Tica, Sven"]
[Result "1/2-1/2"]
[WhiteElo "2362"]
[BlackElo "2419"]
[PlyCount "41"]
[EventDate "2019.??.??"]
[WhiteTeam "Šk Ferit-Osijek Osijek"]
[BlackTeam "Šk Rijeka Rijeka"]

1. e4 c6 2. d4 d5 3. Nc3 dxe4 4. Nxe4 Nf6 5. Nxf6+ exf6 6. c3 Bd6 7. Bd3 O-O 8.
Qc2 Re8+ 9. Ne2 h5 10. O-O h4 11. Bf4 Na6 12. Rae1 Nc7 13. h3 Nd5 14. Bxd6 Qxd6
15. Nf4 Bd7 16. Nxd5 Qxd5 17. c4 Qg5 18. Rxe8+ Rxe8 19. Qc1 Qxc1 20. Rxc1 Be6
21. Rd1 1/2-1/2

[Event "1.a HSL 19"]
[Site "Mali Losinj"]
[Date "2019.09.30"]
[Round "3.35"]
[White "Golubovic, Boris"]
[Black "Mrkonjic, Nenad"]
[Result "1/2-1/2"]
[WhiteElo "2401"]
[BlackElo "2343"]
[PlyCount "45"]
[EventDate "2019.??.??"]
[WhiteTeam "Šk Rijeka Rijeka"]
[BlackTeam "Šk Ferit-Osijek Osijek"]

1. Nf3 d5 2. e3 Nf6 3. c4 e6 4. Nc3 c5 5. cxd5 exd5 6. d4 Nc6 7. Bb5 a6 8.
Bxc6+ bxc6 9. Qa4 Qc7 10. O-O Bd6 11. dxc5 Bxc5 12. b3 O-O 13. Ba3 Bxa3 14.
Qxa3 c5 15. Rac1 Be6 16. Rfd1 Rfc8 17. h3 Qa7 18. Ne2 Rc7 19. Qa5 Rac8 20. Nf4
h6 21. Ne5 Qb7 22. Ne2 Qb5 23. Qe1 1/2-1/2

[Event "1.a HSL 19"]
[Site "Mali Losinj"]
[Date "2019.09.30"]
[Round "3.36"]
[White "Feletar, Darko"]
[Black "Petrov, Jole"]
[Result "1/2-1/2"]
[WhiteElo "2356"]
[BlackElo "2418"]
[PlyCount "41"]
[EventDate "2019.??.??"]
[WhiteTeam "Šk Ferit-Osijek Osijek"]
[BlackTeam "Šk Rijeka Rijeka"]

1. d4 d5 2. c4 e6 3. Nf3 Nf6 4. Nc3 Be7 5. Bg5 O-O 6. e3 Nbd7 7. Bd3 h6 8. Bh4
c5 9. O-O cxd4 10. exd4 dxc4 11. Bxc4 b6 12. Qe2 Bb7 13. Rfd1 Nd5 14. Bxd5 Bxd5
15. Bxe7 Bxf3 16. Qxf3 Qxe7 17. d5 Nf6 18. dxe6 Qxe6 19. Re1 Qc4 20. b3 Qc5 21.
Ne4 1/2-1/2

[Event "1.a HSL 19"]
[Site "Mali Losinj"]
[Date "2019.09.30"]
[Round "3.42"]
[White "Saric, Ivan"]
[Black "Martinovic, Sasa"]
[Result "0-1"]
[WhiteElo "2667"]
[BlackElo "2539"]
[PlyCount "82"]
[EventDate "2019.??.??"]
[WhiteTeam "Šk Liburnija Rijeka"]
[BlackTeam "Gšk Solin-Cemex Solin"]

1. c4 e5 2. Nc3 Bb4 3. Nd5 Be7 4. d4 d6 5. Nf3 Nf6 6. Nxe7 Qxe7 7. e3 O-O 8.
Be2 c5 9. O-O Re8 10. d5 Bg4 11. h3 Bh5 12. g4 Bg6 13. Nh2 e4 14. h4 h6 15. Kh1
Nfd7 16. h5 Bh7 17. Rg1 Ne5 18. Rg3 Nbd7 19. Bd2 b5 20. cxb5 Nb6 21. Bc3 Nd3
22. Bxd3 exd3 23. g5 hxg5 24. h6 gxh6 25. Qh5 Qe4+ 26. Rg2 Qg6 27. Qf3 Re4 28.
b3 Nxd5 29. Bb2 Rae8 30. Rd1 R8e6 31. Rg3 Qf5 32. Rxd3 Qxf3+ 33. Nxf3 Rh4+ 34.
Nxh4 Bxd3 35. a4 Bc2 36. Ng2 Re4 37. Rh3 Kh7 38. f4 g4 39. Rg3 f5 40. Nh4 Rb4
41. e4 Bxe4+ 0-1

[Event "1.a HSL 19"]
[Site "Mali Losinj"]
[Date "2019.09.30"]
[Round "3.44"]
[White "Kuljasevic, Davorin"]
[Black "Kurajica, Bojan"]
[Result "1/2-1/2"]
[WhiteElo "2550"]
[BlackElo "2493"]
[PlyCount "139"]
[EventDate "2019.??.??"]
[WhiteTeam "Šk Liburnija Rijeka"]
[BlackTeam "Gšk Solin-Cemex Solin"]

1. d4 Nf6 2. c4 e6 3. Nc3 Bb4 4. Qc2 d5 5. cxd5 Qxd5 6. e3 c5 7. Bd2 Bxc3 8.
Bxc3 cxd4 9. Bxd4 Nc6 10. Bc3 O-O 11. Nf3 e5 12. Be2 Bg4 13. h3 Bh5 14. O-O
Rac8 15. Rfd1 Qc5 16. Qa4 Nd5 17. Be1 Rfd8 18. Qh4 Bg6 19. Rac1 Qe7 20. Qxe7
Ndxe7 21. Rxd8+ Rxd8 22. b4 f6 23. b5 Nb8 24. a4 Rc8 25. Rxc8+ Nxc8 26. Bb4 Bf7
27. Nd2 Be6 28. Nc4 Nd7 29. a5 Kf7 30. f4 Bd5 31. g4 g6 32. Kf2 Ke6 33. f5+ Kf7
34. Nd2 e4 35. Nb1 gxf5 36. gxf5 Ne5 37. Nc3 Bb3 38. Nxe4 Bc2 39. Nc5 b6 40.
axb6 axb6 41. Ne6 Bxf5 42. Nf4 Bd7 43. Kg3 Na7 44. Bh5+ Ng6 45. Nd5 Bxb5 46.
Bc3 f5 47. Nf6 h6 48. Nd5 Nc8 49. Bb4 Kg7 50. Bc3+ Kf7 51. Bd4 Bc4 52. Nf4 Nce7
53. Bxb6 Kg7 54. Bd4+ Kh7 55. Nxg6 Nxg6 56. h4 Be6 57. Bf6 Nf8 58. Bd4 Bd7 59.
Bf7 Ne6 60. Be5 Nc5 61. h5 Be6 62. Bg6+ Kg8 63. Bd4 Nd3 64. Kh4 Nb4 65. Kg3 Nd5
66. Be8 Kf8 67. Bc6 Kf7 68. Kf3 Nf6 69. Bxf6 Kxf6 70. Kf4 1/2-1/2

[Event "1.a HSL 19"]
[Site "Mali Losinj"]
[Date "2019.09.30"]
[Round "3.45"]
[White "Rogic, Davor"]
[Black "Jovanic, Ognjen"]
[Result "1-0"]
[WhiteElo "2492"]
[BlackElo "2532"]
[PlyCount "65"]
[EventDate "2019.??.??"]
[WhiteTeam "Gšk Solin-Cemex Solin"]
[BlackTeam "Šk Liburnija Rijeka"]

1. e4 c5 2. Nf3 e6 3. d4 cxd4 4. Nxd4 Nc6 5. Nc3 Qc7 6. Be3 Nf6 7. Be2 Be7 8.
f4 d6 9. g4 h6 10. h4 a6 11. Rg1 Nxd4 12. Qxd4 e5 13. Qd3 exf4 14. Bxf4 Be6 15.
O-O-O O-O-O 16. g5 hxg5 17. hxg5 Rh3 18. Qd4 Nh5 19. Bxh5 Rxh5 20. Qxg7 Rh4 21.
Be3 Rh3 22. Rd3 Qa5 23. Nd5 Bf8 24. Rc3+ Kb8 25. Qd4 Rxe3 26. Rxe3 Rc8 27. a3
Qb5 28. Rc3 Rxc3 29. Nxc3 Qe5 30. Qxe5 dxe5 31. g6 fxg6 32. Rxg6 Bc4 33. Nd5
1-0